• 首页
  • 本馆介绍
  • 公告通知
  • 最新文献
  • 馆藏检索
  • 电子资源
  • 读者导购
  • 参考咨询
  • 我的图书馆
  • 登录
  • 详细信息显示
  • 放入我的书架
  • 预约/预借图书
  • 作者相关作品
  • 分类相关作品
  • 丛书相关作品
  • 出版社相关作品

书目信息

  • 表格格式
  • 工作单格式
  • 卡片格式
题名:
在“三个代表”重要思想理论研讨会上的讲话
    
 
作者: 胡锦涛 著
分册:  
出版信息: 北京   人民出版社  2003
页数: 29页
开本: 20cm
丛书名:
单 册:
中图分类: D261 , D2-0
科图分类:
主题词: 胡锦涛--著作 , "三个代表"思想--学习参考资料
电子资源:
ISBN: 7-01-003971-2
000 00740nam0 2200229 450
001 0760089149
005 20070719091942.14
010    @a7-01-003971-2@dCNY2.00
100    @a20070707d2003 km y0chiy0120 ea
101 0  @achi
102    @aCN@b110000
200 1  @a在“三个代表”重要思想理论研讨会上的讲话@Azai“san ge dai biao”zhong yao si xiang li lun yan tao hui shang de jiang hua@e2003年7月1日@f胡锦涛著@Fhu jin tao zhu
210    @a北京@c人民出版社@d2003
215    @a29页@d20cm
517 1  @a2003年7月1日@A2003 nian 7 yue 1 ri
606 0  @a胡锦涛@x著作
606 0  @a"三个代表"思想@x学习参考资料
690    @aD261@v3
690    @aD2-0@v3
701  0 @a胡锦涛@Ahu jin tao@4著
801  0 @aCN@bPFT@c20070719
905    @a10447@dD2-0@e114
    
    在“三个代表”重要思想理论研讨会上的讲话:2003年7月1日/胡锦涛著.-北京:人民出版社,2003
    29页;20cm
    
    
    ISBN 7-01-003971-2:CNY2.00
    
●
相关链接 在E读中查询图书 在五车中查询图书 在当当中查询图书 在豆瓣中查询图书


正题名:在"三个代表"重要思想理论研讨会上的讲话     索取号:D2-0/114         预约/预借

序号 登录号 条形码 馆藏地/架位号 状态 备注
1 0765943   207659434   第一样本阅览室/ [索取号:D2-0/114] 在馆    
2 0770508   207705081   密集书库/ [索取号:D2-0/114] 在馆    
唐山师范学院图书馆 欢迎您!
大连网信软件有限公司© 版权所有